[Event "AUTO-INT-3226"]
[Site "http://www.queenalice.com/game.php?id=1467201"]
[Date "2017.3.2"]
[Round "1"]
[White "tomatito2"]
[Black "papyrusmoon"]
[Result "1-0"]
[WhiteElo "1650"]
[BlackElo "1351"]

1. e4 e5 2. Nf3 d5 3. exd5 Qxd5 4. Nc3 Qd6 5. Bc4 Nf6 6. Nb5 Qc5 7. Qe2 a6 8. d4
Qb4+ 9. c3 Qa5 10. Nxe5 axb5 11. Bxb5+ c6 12. Bc4 b5 13. Bxf7+ Kd8 14. Bg5 b4
15. Bxf6+ gxf6 16. Nd3 bxc3 17. O-O Qb5 18. bxc3 Bf5 19. Qe8+ Kc7 20. c4 Qb6 21.
c5 Bd7 22. cxb6+ Kxb6 23. Qd8+ Kb7 24. Rab1+ Ka7 25. Qb6# 1-0

[Event "AUTO-INT-3226"]
[Site "http://www.queenalice.com/game.php?id=1467214"]
[Date "2017.3.2"]
[Round "1"]
[White "tomatito2"]
[Black "eloy"]
[Result "1-0"]
[WhiteElo "1687"]
[BlackElo "1683"]

1. e4 e5 2. Nf3 Nc6 3. Bc4 h6 4. d4 exd4 5. Nxd4 Nxd4 6. Qxd4 Nf6 7. e5 Qe7 8.
O-O Nh5 9. Nc3 c6 10. Ne4 g6 11. Nd6+ Kd8 12. Nxf7+ Kc7 13. Nxh8 d5 14. exd6+
Qxd6 15. Qxd6+ Kxd6 16. Nxg6 Bg7 17. Rd1+ Kc7 18. Be2 Nf6 19. Bf4+ Kb6 20. Ne5
h5 21. Nc4+ Kb5 22. Be3 Bg4 23. Nd6+ Ka5 24. Nxb7+ Ka4 25. Rd4# 1-0

[Event "AUTO-INT-3226"]
[Site "http://www.queenalice.com/game.php?id=1467215"]
[Date "2017.3.2"]
[Round "1"]
[White "eloy"]
[Black "tomatito2"]
[Result "0-1"]
[WhiteElo "1736"]
[BlackElo "1715"]

1. e4 e5 2. Nf3 Nc6 3. Bb5 Nd4 4. Bc4 d6 5. d3 Bg4 6. c3 Nxf3+ 7. gxf3 Bh5 8.
Be3 Qf6 9. Qd2 Qxf3 10. Rg1 Nf6 11. Na3 c6 12. d4 Nxe4 13. Qc2 d5 14. Be2 Qh3
15. O-O-O Bxa3 16. bxa3 Bxe2 17. Rde1 Bc4 18. dxe5 Qxh2 19. f4 Qxc2+ 20. Kxc2
O-O 21. f5 f6 22. e6 Kh8 23. Bd4 c5 24. Be3 b6 25. Kb2 Rae8 26. Bf4 Re7 27. Rxe4
dxe4 28. Bd6 Rfe8 29. Bxe7 Rxe7 30. Re1 Bd3 31. Kb3 g6 32. fxg6 hxg6 33. Re3
Rxe6 34. a4 a5 35. c4 f5 36. Kc3 Kg7 37. Kb3 f4 0-1

[Event "AUTO-INT-3226"]
[Site "http://www.queenalice.com/game.php?id=1467216"]
[Date "2017.3.2"]
[Round "1"]
[White "tomatito2"]
[Black "profmarcelosi"]
[Result "0-1"]
[WhiteElo "1706"]
[BlackElo "1493"]

1. e4 e5 2. Nf3 Nc6 3. Bc4 Nd4 4. Nxe5 Qg5 5. Ng4 d5 6. c3 Bxg4 7. f3 Qh4+ 8. g3
Nxf3+ 9. Kf2 Qf6 10. Kg2 Nh4+ 11. gxh4 Bxd1 12. Rxd1 dxc4 13. d4 Qxh4 14. Rf1
Qxe4+ 15. Kf2 O-O-O 16. Be3 Qc2+ 17. Nd2 Nf6 18. Kf3 Qxb2 19. Nxc4 Qxc3 20. Ne5
Re8 21. Rac1 Qb2 22. Rf2 Qa3 23. Rfc2 Nd5 24. Re2 Nxe3 25. Rce1 Nc2+ 26. Kf2
Nxe1 27. Rxe1 Qb2+ 28. Re2 Qxd4+ 29. Kf1 Rxe5 30. Rxe5 Qxe5 31. Kg2 Qb2+ 32. Kg3
Bd6+ 33. Kf3 Qxh2 34. Ke4 Re8+ 35. Kd5 Qf4 36. a4 Re5# 0-1

[Event "AUTO-INT-3226"]
[Site "http://www.queenalice.com/game.php?id=1467217"]
[Date "2017.3.2"]
[Round "1"]
[White "profmarcelosi"]
[Black "tomatito2"]
[Result "0-1"]
[WhiteElo "1465"]
[BlackElo "1688"]

1. e4 e5 2. Nf3 Nc6 3. Bc4 Nf6 4. Ng5 d5 5. exd5 Nxd5 6. Qf3 Be6 7. Nxe6 fxe6 8.
Qh5+ g6 9. Qh3 Qf6 10. Qb3 Bc5 11. Rf1 O-O 12. Qg3 Nd4 13. Bb3 Nf4 14. d3 Nfe2
15. Bg5 Qf5 16. Qh4 Nxb3 17. axb3 Nd4 18. Kd2 Bb4+ 19. c3 Nxb3+ 20. Ke2 Nxa1 21.
cxb4 Nc2 22. Be3 Rad8 23. Rd1 Nxe3 24. fxe3 e4 25. d4 e5 26. d5 c6 27. dxc6 Rxd1
28. Kxd1 Qf1+ 29. Kc2 Rf2+ 30. Nd2 Qd3+ 0-1

[Event "Challenge"]
[Site "http://www.queenalice.com/game.php?id=1467326"]
[Date "2017.3.4"]
[Round "-"]
[White "thbn"]
[Black "tomatito2"]
[Result "0-1"]
[WhiteElo "1630"]
[BlackElo "1658"]

1. e4 e5 2. Nf3 Nc6 3. Bc4 Nf6 4. O-O Nxe4 5. Re1 d5 6. Bb5 Bg4 7. d3 Nd6 8.
Bxc6+ bxc6 9. Rxe5+ Be7 10. Qe2 f6 11. Re3 Nf5 12. Re6 Bxf3 13. Qxf3 Nd4 14.
Rxe7+ Qxe7 15. Qd1 O-O 16. Nc3 Rae8 17. Be3 Qe5 18. Qe2 Nxe2+ 0-1

[Event "Challenge"]
[Site "http://www.queenalice.com/game.php?id=1468060"]
[Date "2017.3.8"]
[Round "-"]
[White "Erlofabr"]
[Black "tomatito2"]
[Result "1-0"]
[WhiteElo "1787"]
[BlackElo "1733"]

1. f4 Nc6 2. e4 e5 3. Bc4 exf4 4. d4 Qh4+ 5. Kf1 d6 6. Nf3 Nf6 7. Nxh4 Bg4 8.
Qe1 Nxd4 9. Qc3 Ne6 10. Qe1 O-O-O 11. Nc3 Nd4 12. Qf2 Ne6 13. Qxa7 c6 14. g3 Be7
15. gxf4 Nc5 16. Bd2 Nfxe4 17. Nxe4 Nxe4 18. Ba5 Rde8 19. Bxf7 Ref8 20. Be6+
Bxe6 21. Qa8+ Kd7 22. Qxb7+ Ke8 23. Qxc6+ Kf7 24. Qxe4 Bxh4 25. f5 Bd7 26. Qxh4
Bxf5 27. Re1 Re8 28. Qf4 g6 29. Qxd6 Rhf8 30. Bc3 Bh3+ 31. Kf2 Kg8+ 32. Kg3 Rd8
33. Qe6+ Bxe6 34. Rxe6 Rd5 35. h4 Rdf5 36. Rg1 Rf3+ 37. Kh2 R8f4 38. Be1 Kf7 39.
Re5 Kf6 40. Reg5 Re3 41. Bc3+ Kf7 42. Be1 Rfe4 43. Rf1+ Kg8 44. h5 Re2+ 45. Kh3
R2e3+ 46. Bg3 1-0

[Event "2ª Ronda Castellar Vidre"]
[Site "http://www.queenalice.com/game.php?id=1471751"]
[Date "2017.4.3"]
[Round "-"]
[White "tomatito2"]
[Black "pokemon"]
[Result "0-1"]
[WhiteElo "1781"]
[BlackElo "1844"]

1. e4 c6 2. d4 d5 3. e5 Qb6 4. c3 c5 5. dxc5 Qxc5 6. Be3 Qa5 7. Bd3 Nc6 8. Qf3
Nxe5 9. Qe2 Bg4 10. Qc2 Nxd3+ 11. Qxd3 e6 12. h3 Bf5 13. Qd1 Nf6 14. Nd2 Bd6 15.
Nb3 Qc7 0-1

[Event "Challenge"]
[Site "http://www.queenalice.com/game.php?id=1471937"]
[Date "2017.4.4"]
[Round "-"]
[White "pokemon"]
[Black "tomatito2"]
[Result "1-0"]
[WhiteElo "1857"]
[BlackElo "1768"]

1. d4 d5 2. e3 Nf6 3. Nf3 c5 4. c3 cxd4 5. cxd4 Bg4 6. Nbd2 e6 7. Bd3 Bd6 8. e4
dxe4 9. Nxe4 Nxe4 10. Bxe4 Nc6 11. a3 Rc8 12. Be3 O-O 13. Bxh7+ Kxh7 14. Ng5+
1-0

[Event "AUTO-INT-3226"]
[Site "http://www.queenalice.com/game.php?id=1485316"]
[Date "2017.7.8"]
[Round "2"]
[White "TITAN10"]
[Black "tomatito2"]
[Result "0-1"]
[WhiteElo "1742"]
[BlackElo "1716"]

1. e4 e5 2. Nf3 Nc6 3. Bc4 Nf6 4. d3 d6 5. c3 h6 6. Be3 Bg4 7. h3 Bh5 8. g4 Bg6
9. Nh4 Bh7 10. f4 Nxe4 11. dxe4 Qxh4+ 12. Bf2 Qf6 13. f5 g6 14. Nd2 gxf5 15.
gxf5 O-O-O 16. Qf3 b6 17. O-O-O Na5 18. Be2 d5 19. Bd3 Qc6 20. Kb1 d4 21. cxd4
exd4 22. Rc1 Bc5 23. b4 Qb7 24. bxc5 bxc5+ 25. Ka1 Qb4 26. Qe2 f6 27. Rb1 Qc3+
28. Rb2 Bg8 29. Kb1 c4 30. Bxc4 Nxc4 31. Nxc4 Bxc4 32. Qd2 Qd3+ 33. Qc2 Qf3 34.
Rd1 d3 35. Qd2 Qxe4 36. Bxa7 Qxf5 37. h4 Rhe8 38. Qg2 Bb5 39. Rbd2 c6 40. Bb6
Re2 41. Ba5 Rxg2 0-1

[Event "AUTO-INT-3226"]
[Site "http://www.queenalice.com/game.php?id=1485317"]
[Date "2017.7.8"]
[Round "2"]
[White "tomatito2"]
[Black "TITAN10"]
[Result "1-0"]
[WhiteElo "1736"]
[BlackElo "1765"]

1. e4 c5 2. c3 d6 3. Bc4 Nc6 4. Nf3 Nf6 5. d3 Bg4 6. h3 Bh5 7. Bb5 a6 8. Bxc6+
bxc6 9. Qa4 Qb6 10. Nbd2 e5 11. Nc4 Qc7 12. O-O Be7 13. Nh4 Bg6 14. Na5 Rc8 15.
Nc4 Ra8 16. Nxg6 hxg6 17. f4 a5 18. fxe5 dxe5 19. Nxe5 Rc8 20. Bf4 Qb7 21. Rab1
O-O 22. Nc4 Qa6 23. Qxa5 Qxa5 24. Nxa5 Rfd8 25. Rfd1 Nh7 26. Be3 Nf6 27. Bg5 Bd6
28. Nb7 Rd7 29. Nxd6 Rxd6 30. Bxf6 Rxf6 31. Rf1 Rd6 32. Rf3 f6 33. b4 cxb4 34.
Rxb4 Ra8 35. a4 Rad8 36. d4 Kf7 37. e5 Re6 38. Rb7+ Kf8 39. exf6 gxf6 40. g4 Ra8
41. Rb4 Kf7 42. Kf2 Ra7 43. Re3 Rd6 44. Rc4 Rb7 45. Rc5 Ra7 46. Rc4 Ra6 47. Kf3
Ra5 48. Re2 Ra6 49. Kf4 Ra5 50. Rb2 Ra7 51. Rb6 Rc7 52. Rc5 Ke7 53. a5 Kd7 54.
a6 Rc8 55. Rb7+ 1-0

[Event "AUTO-INT-3226"]
[Site "http://www.queenalice.com/game.php?id=1485320"]
[Date "2017.7.8"]
[Round "2"]
[White "alvm"]
[Black "tomatito2"]
[Result "0-1"]
[WhiteElo "2082"]
[BlackElo "1756"]

1. d4 d5 2. c4 dxc4 3. e4 e5 4. Nf3 exd4 5. Nxd4 Be6 6. Qa4+ c6 7. Nxe6 fxe6 8.
Qxc4 Qd7 9. Nc3 Bd6 10. Be3 Nf6 11. O-O-O Qe7 12. f4 Ng4 13. Bd2 Nf2 14. Be2
Nxh1 15. Rxh1 Nd7 16. e5 Nb6 17. exd6 Qxd6 18. Qe4 O-O-O 19. Rd1 Qe7 20. f5 e5
21. Bg4 Kb8 22. a4 Rd4 23. Qe2 Rhd8 24. a5 Nc4 25. a6 bxa6 26. Be3 Nxe3 27. Rxd4
exd4 28. Na4 d3 29. Qd2 Nxg4 30. Qf4+ Ne5 31. g4 d2+ 32. Kd1 Kb7 33. Qe3 Kb8 34.
Nc5 a5 35. Qb3+ Ka8 36. Ne6 Rd6 37. Qc3 Qh4 38. Qxe5 Qxg4+ 0-1

[Event "AUTO-INT-3226"]
[Site "http://www.queenalice.com/game.php?id=1485321"]
[Date "2017.7.8"]
[Round "2"]
[White "tomatito2"]
[Black "alvm"]
[Result "0-1"]
[WhiteElo "1785"]
[BlackElo "1935"]

1. e4 c6 2. Bc4 d5 3. exd5 cxd5 4. Bb5+ Nc6 5. Bxc6+ bxc6 6. d4 Nf6 7. Bg5 Ne4
8. Be3 Ba6 9. Nd2 Nd6 10. Ngf3 e6 11. Ne5 Be7 12. Qf3 Qc7 13. Qg3 Nf5 14. Qf3
O-O 15. O-O-O Nxe3 16. fxe3 c5 17. dxc5 Qxe5 18. Nb3 Bf6 19. c3 Rab8 20. Nd4 Bg5
21. Rde1 Bc4 22. b3 Bd3 23. Kd2 Be4 24. Qf2 a5 25. Nc6 Qc7 26. Nxb8 Qxb8 27. h4
Bh6 28. Rhg1 a4 29. b4 a3 30. g4 Qb5 31. Qe2 Qa4 32. Rc1 d4 33. g5 dxc3+ 34.
Kxc3 Rb8 35. Rb1 Bxb1 36. Rxb1 Bxg5 37. hxg5 Kf8 38. Qc2 Qc6 39. Qxh7 Rd8 40.
Qh8+ Ke7 41. Qxg7 Qf3 42. Qe5 Rd5 43. Qf4 Qe2 44. Qf6+ Ke8 45. Qh8+ Kd7 46. Qh7
Qxe3+ 47. Kc4 Qe2+ 48. Kb3 Rd3+ 49. Ka4 Rf3 50. Rb3 Qa6# 0-1

[Event "Alsina-2"]
[Site "http://www.queenalice.com/game.php?id=1588321"]
[Date "2019.10.29"]
[Round "2"]
[White "Alsina"]
[Black "tomatito2"]
[Result "1-0"]
[WhiteElo "2619"]
[BlackElo "1776"]

1. d4 d5 2. c4 e6 3. Nf3 Nf6 4. Nc3 dxc4 5. e3 Nc6 6. Bxc4 Bb4 7. a3 Bd6 8. e4
Na5 9. Qa4+ c6 10. e5 Bxe5 11. dxe5 b5 12. Bxb5 cxb5 13. Nxb5 Nd7 14. Nd6+ Kf8
15. Be3 a6 16. Rd1 Qc7 17. Rc1 Qd8 18. O-O Bb7 19. Nxb7 Nxb7 20. Rfd1 Ke8 21.
Bb6 Qxb6 22. Qxd7+ Kf8 23. Rc8+ Nd8 24. Rxa8 g5 25. Qxd8+ Qxd8 26. Rdxd8+ Kg7
27. Rxh8 Kh6 28. Rhg8 a5 29. Rae8 g4 30. Rxg4 a4 31. Reg8 f6 32. Rh4# 1-0

[Event "Alsina-2"]
[Site "http://www.queenalice.com/game.php?id=1590468"]
[Date "2019.11.18"]
[Round "3"]
[White "tomatito2"]
[Black "doriam2203"]
[Result "1-0"]
[WhiteElo "1774"]
[BlackElo "1676"]

1. Nf3 d5 2. c4 Nf6 3. cxd5 Nxd5 4. d4 Bf5 5. Nc3 e6 6. e3 Nc6 7. Bc4 Ncb4 8. e4
Nxc3 9. bxc3 Bxe4 10. cxb4 Bxb4+ 11. Kf1 Bxf3 12. gxf3 c5 13. Qa4+ Ke7 14. Bb2
Qd6 15. a3 Bd2 16. dxc5 Qxc5 17. Bxg7 Rhg8 18. Rd1 Rad8 19. Rg1 a6 20. Bf6+ Kxf6
21. Rxg8 Rxg8 22. Bd3 Bg5 23. h4 Bh6 24. Bxh7 Rg7 25. Be4 b5 26. Qxa6 Be3 27.
Rd5 Qc1+ 28. Ke2 Bf4 29. Rf5+ Ke7 30. Qb7+ Kf8 31. Qa8+ Ke7 32. Qa7+ Kf8 33. Qd4
Bc7 34. Qb4+ Kg8 35. Rxb5 f5 36. Bd3 Rg1 37. Rb7 Qd1+ 38. Ke3 Re1+ 39. Kd4 Qa1+
40. Kc4 Qe5 41. Kb3 Kh7 42. Qc4 Kg6 43. Rxc7 1-0